[Event "Pan American-ch School U13 12th"]
[Site "Callao"]
[Date "2023.10.21"]
[Round "9"]
[White "Chile Vela, David Leonardo"]
[Black "Rayme Angulo, Andres Joaquin"]
[Result "1/2-1/2"]
[WhiteElo "1163"]
[BlackElo "1314"]
[PlyCount "113"]
[EventDate "2023.10.16"]
[EventType "swiss"]
[EventRounds "9"]
[EventCountry "PER"]
[SourceTitle "CBM 217 Extra"]
[Source "ChessBase"]
[SourceDate "2024.01.31"]
[SourceVersion "1"]
[SourceVersionDate "2024.01.31"]
[SourceQuality "1"]

1. e4 c5 2. Nf3 d6 3. d4 cxd4 4. Nxd4 Nf6 5. Nc3 g6 6. Be3 Bg7 7. f3 0-0 8. Bc4 Nc6 9. Qd2 Bd7 10. Bb3 Rc8 11. 0-0-0 Ne5 12. Kb1 Qa5 13. Nd5 Qd8 14. Bh6 Nxd5 15. Bxd5 Nc4 16. Bxc4 Rxc4 17. Bxg7 Kxg7 18. h4 h5 19. g4 hxg4 20. h5 Rh8 21. h6+ Kh7 22. Qf4 Rf8 23. Ne2 f5 24. Qd2 fxe4 25. f4 Bf5 26. Qe3 Qb6 27. Nd4 Rf7 28. b3 Rc7 29. Qg3 Qc5 30. Rh2 Qc3 31. Nxf5 gxf5 32. Qh4 Qf6 33. Qg3 Rc3 34. Qg1 b6 35. Qg2 Rf3 36. Rh5 Rxf4 37. Rf1 Rxf1+ 38. Qxf1 e6 39. Rh1 d5 40. Rg1 Kxh6 41. Qf4+ Kg6 42. Rh1 Rh7 43. Rg1 e5 44. Rxg4+ Kf7 45. Qg3 fxg4 46. Qxg4 Rh1+ 47. Kb2 Rf1 48. Qd7+ Kg6 49. Qxd5 Rf4 50. Qg8+ Kf5 51. Qh7+ Kg4 52. Qxa7 Kf3 53. Qd7 e3 54. Qh3+ Ke2 55. Qg2+ Ke1 56. Qg1+ Rf1 57. Qxe3+ 1/2-1/2

[Event "Pan American-ch School U13 12th"]
[Site "Callao"]
[Date "2023.10.19"]
[Round "6"]
[White "Alarcon Vega, Icker Aldair"]
[Black "Rayme Angulo, Andres Joaquin"]
[Result "1-0"]
[WhiteElo "1536"]
[BlackElo "1314"]
[PlyCount "79"]
[EventDate "2023.10.16"]
[EventType "swiss"]
[EventRounds "9"]
[EventCountry "PER"]
[SourceTitle "CBM 217 Extra"]
[Source "ChessBase"]
[SourceDate "2024.01.31"]
[SourceVersion "1"]
[SourceVersionDate "2024.01.31"]
[SourceQuality "1"]

1. e4 c5 2. Nf3 d6 3. d4 cxd4 4. Nxd4 Nf6 5. Nc3 g6 6. Be2 Bg7 7. Be3 Bd7 8. 0-0 0-0 9. h3 Nc6 10. Qd2 Re8 11. Rfe1 Rc8 12. f3 a6 13. Rac1 Ne5 14. Nb3 Qc7 15. Bd4 Nc6 16. Bxf6 Qb6+ 17. Kh1 Bxf6 18. Nd5 Qf2 19. Nxf6+ exf6 20. Qxd6 Be6 21. Qc5 Qg3 22. Bf1 Ne5 23. Qe3 g5 24. Nd4 Nc6 25. Red1 Ne5 26. Qe1 Qxe1 27. Rxe1 Red8 28. c3 Bxa2 29. b3 Nc6 30. Bc4 Nxd4 31. cxd4 Rxd4 32. Bxf7+ Kxf7 33. Rxc8 Rd7 34. Rb8 Bxb3 35. Rb1 Bc4 36. R1xb7 Rxb7 37. Rxb7+ Kg6 38. Kg1 h5 39. g3 Bb5 40. Kf2 1-0

[Event "Pan American-ch School U13 12th"]
[Site "Callao"]
[Date "2023.10.18"]
[Round "5"]
[White "Merca Alvarado, Gabriel Adolfo"]
[Black "Rayme Angulo, Andres Joaquin"]
[Result "0-1"]
[WhiteElo "1086"]
[BlackElo "1314"]
[PlyCount "86"]
[EventDate "2023.10.16"]
[EventType "swiss"]
[EventRounds "9"]
[EventCountry "PER"]
[SourceTitle "CBM 217 Extra"]
[Source "ChessBase"]
[SourceDate "2024.01.31"]
[SourceVersion "1"]
[SourceVersionDate "2024.01.31"]
[SourceQuality "1"]

1. d4 Nf6 2. Nf3 g6 3. c4 d6 4. Nc3 Bg7 5. e4 Bg4 6. Bd3 Nbd7 7. h3 Bxf3 8. Qxf3 c5 9. d5 a6 10. 0-0 0-0 11. Qe2 Qc7 12. Be3 Ne5 13. a3 Nxd3 14. Qxd3 Nd7 15. b4 cxb4 16. axb4 Ne5 17. Qe2 Qxc4 18. Qxc4 Nxc4 19. Rac1 Nxe3 20. fxe3 Rfc8 21. Na4 Bh6 22. Kf2 b5 23. Nb6 Rxc1 24. Rxc1 Rb8 25. Rc8+ Rxc8 26. Nxc8 Bg5 27. Nb6 Bf6 28. Ke2 Bc3 29. Kd3 Bxb4 30. Nd7 Bc5 31. e5 a5 32. Nxc5 dxc5 33. d6 exd6 34. exd6 Kf8 35. Kc3 Ke8 36. e4 f6 37. Kb3 Kd7 38. g4 Kxd6 39. h4 Ke5 40. g5 f5 41. exf5 Kxf5 42. h5 gxh5 43. g6 hxg6 0-1